000
00197 a2200097 4500
020
_a
7509994309111
041
_a
spa
100
_a
Fernandez Editores
245
_a
El tesoro de Moctezuma
942
_c
K
999
_c
28850
_d
28850